| 000 | 00363 a2200157 4500 | ||
|---|---|---|---|
| 001 | 74357 | ||
| 020 | _a97888532279989 | ||
| 040 | _cAnchieta - Colégio São Paulo | ||
| 100 | _aGuimarães, Alexandre | ||
| 240 | 1 | 0 |
_aUm gole, uma palavra _lpor |
| 245 | 1 | 0 | _aUm gole, uma palavra |
| 300 | _a45 | ||
| 362 | 0 | _a2011 | |
| 650 | 4 | _aLiteratura infantil | |
| 942 | _cBK | ||
| 999 |
_c74357 _d74357 |
||